|
|
|
|
| LEADER |
00000nab a2200000 a 4500 |
| 001 |
vtls000389640 |
| 003 |
SK-MaSNL |
| 005 |
20260304213141.0 |
| 008 |
250424c1990 xo 0 slo |
| 015 |
|
|
|a SNBRB19rr/mm-uuuuu
|
| 035 |
|
|
|a CL0389764
|
| 035 |
|
|
|a urn:nbn:sk:snk-abbksz
|
| 035 |
|
|
|a (urnnbn)urn:nbn:sk:snk:ar-001acp
|
| 035 |
|
|
|a (uuid)3c3f2efe-ae5b-42dd-ab37-52c0e56ffb51
|
| 040 |
|
|
|a SNKBUCL
|b slo
|c SNKBUCL
|e AACR2
|
| 041 |
0 |
|
|a slo
|
| 044 |
|
|
|a xo
|c SK
|
| 080 |
|
|
|a 027.5(437.6):061.3
|2 1981
|
| 080 |
|
|
|a 061.3
|2 1981
|
| 100 |
1 |
|
|a -mch-
|4 aut
|9 1268009
|
| 245 |
1 |
0 |
|a Kultúrno-spoločenská činnosť
|c -mch-
|
| 650 |
0 |
7 |
|a ľudové knižnice
|2 snkbucl
|9 256791
|
| 655 |
|
7 |
|a články z novín a časopisov
|2 snkbucl
|9 267496
|
| 773 |
0 |
|
|t Čitateľ
|g Roč. 39, č. 7-8 (1990), s. 270
|
| 850 |
|
|
|a Slovenská národná knižnica
|
| 852 |
|
|
|a Slovenská národná knižnica
|
| 954 |
|
|
|a odborná, vedecká literatúra pôvodná (slovenská)
|2 lita
|
| 957 |
|
|
|a 5100
|
| 958 |
|
|
|a article15
|
| 958 |
|
|
|a OND
|
| 958 |
|
|
|a RK
|
| 958 |
|
|
|a KL
|
| 958 |
|
|
|a EUIPO
|
| 992 |
|
|
|a RBX
|
| 999 |
|
|
|c 3134708
|d 3136638
|